| 000 | 00368nam a2200157Ia 4500 | ||
|---|---|---|---|
| 003 | OSt | ||
| 005 | 20240219120838.0 | ||
| 008 | 170524s9999 xx 000 0 und d | ||
| 020 | _a 978-9332551916 | ||
| 040 | _cIIMT UNIVERSITY MEERUT | ||
| 100 | _aJain AS | ||
| 245 | 0 | _aFundamentals of Digital Image Processing | |
| 260 | _bPHI | ||
| 260 | _c2006 | ||
| 942 |
_2ddc _c02 |
||
| 999 |
_c4882 _d4882 |
||